NBA Players by Picture - Japan - Statistics

General Stats
  • This quiz has been taken 12 times
  • The average score is 2 of 8
Answer Stats
Picture Answer % Correct
Rui Hachimura
100%
Yuta Watanabe
55%
Yuki Kawamura
45%
Yuta Tabuse
27%
Alex Kirk
0%
Josh Harrellson
0%
J. R. Sakuragi
0%
Nick Fazekas
0%
No matching quizzes found
Score Distribution
Percent of People with Each Score
Percentile by Number Answered
Your Score History
You have not taken this quiz